Responses for show #3937 - Tuesday, October 16, 2001

(Jimmy: Hi, I'm Jimmy of the Clue Crew. Now, I'm not trying to hustle you--but stay tuned for Jeopardy!)

Contestants

Sharon Forsher, a character interpreter coach from Williamsburg, Virginia

Kent Hofmann, a recent law school graduate originally from Norfolk, Nebraska

Ellen Rourke, a high school social studies teacher from Chicago, Illinois (whose 1-day cash winnings total $1,601)

Jeopardy! Round responses

PROVINCES
(Alex: You have to identify the country.)
POCKET BILLIARDS
SEE THE "Z"
(Alex: Or the "zed".)
FRANCIS FORD COPPOLA
THE GODFATHER
RHINOCEROS NOW
    $100 21
Canada

Ellen
    $100 16
racking the balls

Kent
    $100 1
zucchini

Ellen
    $100 6
Patton

Kent
    $100 11
Elton John

Kent
    $100 26
horn

Kent
    $200 22
Poland

Sharon
    $200 17
8-ball

Kent
    $200 2
Zeppelin

Kent
    $200 7
Martin Sheen

Kent
    $200 12
Macaulay Culkin

Kent
    $200 27
vegetarian

Kent
    $300 23
Afghanistan

Triple Stumper
    $300 18
(Ellen: What is a scratch?)

miscue

EllenKent
    $300 3
zither

Kent
    $300 8
Nicolas Cage

Ellen
    $300 13
Sting

Ellen
    $300 28
horse

Sharon
    $500 24
(Sharon: What is India?)

Pakistan

Sharon
    $400 19
putting english on the ball

Triple Stumper
    $400 4
zinnia

Sharon
    $400 9
Jack

Triple Stumper
    $400 14
Willie Mays

Kent
    $400 29
hair

Kent
    $500 25
Argentina

Kent
    $500 20
bridge

Sharon
    $500 5
(Babe Didrikson) Zaharias

Kent
    $500 10
Sofia Coppola

Ellen
    $500 15
Timothy Leary

Kent
    $500 30
Eugène Ionesco

Kent

Scores at the first commercial break (after clue 15):

Ellen Kent Sharon
$1,200 $2,500 $400

Scores at the end of the Jeopardy! Round:

Ellen Kent Sharon
$1,000 $4,800 $900

Double Jeopardy! Round responses

LITERARY TRANSLATIONS
(Alex: We want the English translation here.)
ARCHITECTURAL STYLES
A DATE WITH DISASTER
OH, HENRY!
TV PAST & PRESENT
PEOPLE WHO BECAME WORDS
    $200 4
"The House of the Spirits"

Ellen
    $200 26
Gothic

Ellen
    $200 3
earthquake

Kent
    $200 1
Henry Higgins

Sharon
    $200 11
ER

Kent
    $200 21
nicotine

Ellen
    $400 7
"Crime and Punishment"

Sharon
    $400 27
(Alex: Less than a minute now.)

Queen Anne

Ellen
    $400 5
(Sharon: Who is Lee Harvey Oswald?)

Jack Ruby

EllenSharon
    $400 2
Henry VIII

Ellen
    $400 12
Lucy Ricardo & Ethel Mertz

Ellen
    $400 22
thespian

Sharon
    $600 16
"The Tin Drum"

Kent
    $1,000 30
(Sharon: What is a bungalow?)

Prairie school

Sharon
    $600 6
Julius & Ethel Rosenberg

Kent
    $600 8
Henry Clay

Ellen
    $600 13
Barney Miller

Ellen
    $600 23
doily

Sharon
    $800 17
(Ellen: Who is "The Stranger?")

"The Plague"

Ellen
Triple Stumper
    $800 29
(Ellen: What are spires?)

minarets

Ellen
Triple Stumper
    $800 9
Italy

Triple Stumper
    $1,000 19
Henry David Thoreau

Sharon
    $800 14
The Fugitive

Ellen
    $800 24
(Kent: What is a masochist?)

masochism

Kent
    $1000 18
"Smilla's Sense of Snow"

Sharon
    $1000 28
Georgian

Sharon
    $1000 10
Nicolae Ceausescu

Triple Stumper
    $1000 20
(Kent: Who is Truman?)

Henry Wallace

Kent
Triple Stumper
    $1000 15
The Rifleman

Kent
    $1000 25
draconian

Triple Stumper

Scores at the end of the Double Jeopardy! Round:

Ellen Kent Sharon
$3,600 $7,200 $4,100

[wagering suggestions for these scores]

Final Jeopardy! Round responses

USA
EllenWhat is Alcatraz
$600
SharonWhat is Alcatraz?
$4,000
KentWhat is Yosemite Falls
$1,000
Alcatraz Island

Final scores:

Ellen Kent Sharon
$4,200 $6,200 $8,100
3rd place: Trip to Doubletree Guest Suites Maingate, Orlando 2nd place: Trip to London New champion: $8,100

Game dynamics:

Coryat scores:

Ellen Kent Sharon
$3,600 $7,200 $5,400
15 R,
3 W
23 R,
1 W
11 R
(including 1 DD),
3 W
(including 2 DDs)

Combined Coryat: $16,200

The J! Archive is created by fans, for fans. The Jeopardy! game show and all elements thereof, including but not limited to copyright and trademark thereto, are the property of Jeopardy Productions, Inc. and are protected under law. This website is not affiliated with, sponsored by, or operated by Jeopardy Productions, Inc. Join the discussion at JBoard.tv.